| 000 | 00669cam a22002293a 4500 | ||
|---|---|---|---|
| 001 | 13971 | ||
| 003 | PGUSA | ||
| 005 | 20140828083311.0 | ||
| 008 | 041108s2004||||xxu|||||s|||||000 | eng d | ||
| 040 |
_aPGUSA _beng |
||
| 042 | _adc | ||
| 050 | 4 | _aPR | |
| 245 | 1 | 4 |
_aThe Fifteen Comforts of Matrimony : _bResponses from Men _h[electronic resource] / _cVarious |
| 260 |
_bProject Gutenberg, _c2004 |
||
| 506 | _aPublic domain in the USA. | ||
| 516 | _aElectronic text | ||
| 653 | _aErotic literature, English | ||
| 653 | _aEnglish literature -- 18th century | ||
| 830 | 0 |
_aProject Gutenberg _v13971 |
|
| 856 | 4 | 0 | _uhttp://www.gutenberg.org/ebooks/13971 |
| 942 | _cEB | ||
| 999 |
_c243226 _d243226 |
||